|
|
|
|
| LEADER |
01155aam a22002658a 4500 |
| 001 |
00028349 |
| 005 |
20171026081023.0 |
| 008 |
120327s2004 ||||||viesd |
| 041 |
0 |
# |
|a vie
|
| 082 |
1 |
4 |
|a 371.009 597
|b PH110TR
|
| 110 |
0 |
# |
|a Sở Giáo dục - Đào tạo TP. Hồ Chí Minh
|
| 245 |
1 |
0 |
|a Phát triển môi trường học thân thiện với trẻ ở Thành phố Hồ Chí Minh
|b Sách tham khảo
|
| 260 |
# |
# |
|c 2004
|a Hà Nội
|b Chính Trị Quốc Gia
|
| 300 |
# |
# |
|a 83tr.
|b minh họa
|c 27cm.
|
| 500 |
# |
# |
|a ĐTTS ghi: Sở Giáo dục và Đào tạo thành phố Hồ Chí Minh
|
| 650 |
# |
4 |
|a Trẻ em
|x Tài liệu tham khảo
|z Tp. Hồ Chí Minh
|z Việt Nam
|
| 653 |
# |
# |
|a Công tác xã hội
|
| 653 |
# |
# |
|a Giáo dục
|
| 653 |
# |
# |
|a Môi trường học thân thiện
|
| 653 |
# |
# |
|a Trẻ em
|
| 852 |
# |
# |
|b Kho mượn
|j KM.0013783, KM.0013784, KM.0013785
|
| 852 |
# |
# |
|b Kho đọc
|j KD.0012696
|
| 852 |
# |
# |
|j KM.0013783
|j KM.0013785
|j KD.0012696
|j KM.0013784
|
| 910 |
|
|
|d 27/03/2012
|
| 980 |
# |
# |
|a Trung tâm Học liệu Lê Vũ Hùng, Trường Đại học Đồng Tháp
|